000
00196nmm a2200085Ia 4500
008
220120s9999||||xx |||||||||||||||||und||
100
_a
Embedded For You
245
0
_a
Digital edition
260
_c
2013
999
_c
139880
_d
139880